MARC

LEADER 00000nam0a2200000 4500
001 350092
005 20231102010252.0
035 |a (RuTPU)RU\TPU\retro\3581 
090 |a 350092 
100 |a 20181113d1956 d y0rusy50 ca 
101 0 |a rus 
102 |a RU 
105 |a a z 001zy 
200 1 |a 25 самоделок  |f Б. В. Тарасов 
210 |a Москва  |c Молодая гвардия  |d 1956 
215 |a 86 с.  |c ил. 
225 1 |a В помощь юному технику 
317 |5 63413507: КР-5800  |a Поступила в НТБ в 2018 г. в составе книжного собрания профессора ТПУ А. Г. Бакирова 
320 |a Библиогр.: с. 85 
606 1 |a Техническое творчество  |2 stltpush  |3 (RuTPU)RU\TPU\subj\60138  |9 77627 
606 1 |a Электротехнические изделия, самодельные  |2 stltpush  |3 (RuTPU)RU\TPU\subj\20954  |9 46014 
610 1 |a самоделки 
610 1 |a фонарики 
610 1 |a игровые конструкции 
610 1 |a электрические изделия 
610 1 |a конструирование 
610 1 |a сборка 
610 1 |a изготовление 
610 1 |a самодельные изделия 
610 1 |a коллекция А. Г. Бакирова 
675 |a 62:001.894  |v 4 
675 |a 621.3.002.6  |v 4 
700 1 |a Тарасов  |b Б. В. 
801 1 |a RU  |b 63413507  |c 20181113 
801 2 |a RU  |b 63413507  |c 20220804  |g RCR 
942 |c BK